000 01036nam a22002537a 4500
005 20170712113337.0
010 _a1516EN07 ENG-114505
020 _a9789332543591
_c395.00
035 _aEN-98037
035 _aB-614916-943
035 _aB-668004
037 _aDPL
_bTechniz/Ven
037 _bDBAD/PUB
082 _a657
100 _aDhamija, Sanjay
245 _aFinancial accounting for managers /
_cby Sanjay Dhamija
250 _a2nd ed
260 _aNew Delhi
_bPearson Education
_c2015
270 _a11 Community Center, Panchsheel Park
_bNew Delhi
_e110017
300 _aviii,452p.
_c24cm(pbk)
942 _2ddc
_cEN
_mDHA
_h657
999 _c96033
_d96033